| 000 | 00916nam a2200301Ia 4500 | ||
|---|---|---|---|
| 001 | 41210 | ||
| 003 | IT-RoPAU | ||
| 008 | 130308s9999 xx 000 0 und d | ||
| 040 | _aIT-RoPAU | ||
| 040 | _cIT-RoPAU | ||
| 041 | _aFRANCESE | ||
| 100 | _aSznycer Maurice | ||
| 100 | _gCodice Aut. SPICS: 17845 | ||
| 245 | _aOrigine de l'alphabet semitique (L') | ||
| 245 | _bEspace et la Lettre (L')-Ecritures Typographies | ||
| 250 | _a1a ed. | ||
| 260 | _aPARIS | ||
| 260 | _bUnion Generale D'Editions | ||
| 260 | _c1977 [1° Ed.:1977 - Ed.Ling.Originale:1977] | ||
| 300 | _a"45 p. (prefazione: no ; testo: 45 [pagine: 79-123])" | ||
| 500 | _aOrigine dell'Alfabeto Semitico Documenti Attualmente Disponibili Nomi e Ordine delle lettere dell'Alfabeto Semitico | ||
| 650 | _aSAGGI DI LINGUISTICA | ||
| 650 | _eCodice materia Spics: 3207 | ||
| 942 | _cBK | ||
| 957 | _71 | ||
| 999 |
_c40144 _d40144 |
||
| 999 | _bSI | ||
| 999 | _g1 | ||